[Event "Madrid-ch U14"]
[Site "Madrid"]
[Date "2019.03.31"]
[Round "3"]
[White "Carretero Gijon, Adrian"]
[Black "Garcia Pardo, Celia"]
[Result "0-1"]
[WhiteElo "1594"]
[BlackElo "1585"]
[PlyCount "70"]
[EventDate "2019.03.30"]
[EventType "swiss"]
[EventRounds "6"]
[EventCountry "ESP"]
[SourceTitle "EXT 2021"]
[Source "ChessBase"]
[SourceDate "2020.10.23"]
[SourceVersion "1"]
[SourceVersionDate "2020.10.23"]
[SourceQuality "1"]

1. d4 d5 2. Bf4 Nf6 3. e3 c5 4. c3 Nc6 5. Bd3 Bg4 6. Nf3 e6 7. Nbd2 c4 8. Bc2 Be7 9. e4 0-0 10. h3 Bh5 11. e5 Nd7 12. Bxh7+ Kxh7 13. Ng5+ Bxg5 14. Qxh5+ Bh6 15. g4 f6 16. h4 Qe8 17. Qxe8 Raxe8 18. g5 fxg5 19. Be3 gxh4 20. Rxh4 Ne7 21. 0-0-0 Nf5 22. Rh3 Nxe3 23. fxe3 Kg8 24. Rg1 Kf7 25. Kc2 Ke7 26. Nf3 Rf5 27. Nh4 Rg5 28. Rxg5 Bxg5 29. Ng6+ Kd8 30. Rh7 Bh6 31. Nf4 Nf8 32. Rh8 Ke7 33. Nh5 Kf7 34. Kd2 Rc8 35. b3 Rc6 0-1

[Event "Madrid-ch U14"]
[Site "Madrid"]
[Date "2019.03.30"]
[Round "1"]
[White "Yingrui, Lin"]
[Black "Carretero Gijon, Adrian"]
[Result "1-0"]
[WhiteElo "2170"]
[BlackElo "1594"]
[PlyCount "83"]
[EventDate "2019.03.30"]
[EventType "swiss"]
[EventRounds "6"]
[EventCountry "ESP"]
[SourceTitle "EXT 2021"]
[Source "ChessBase"]
[SourceDate "2020.10.23"]
[SourceVersion "1"]
[SourceVersionDate "2020.10.23"]
[SourceQuality "1"]

1. Nf3 Nf6 2. c4 g6 3. b4 Bg7 4. Bb2 0-0 5. g3 d6 6. Bg2 Nbd7 7. 0-0 e5 8. d3 Ne8 9. Nbd2 f5 10. c5 dxc5 11. bxc5 Qe7 12. Rc1 e4 13. Bxg7 Kxg7 14. dxe4 fxe4 15. Nd4 e3 16. Ne4 exf2+ 17. Kh1 h6 18. Qb3 Ndf6 19. Nxf2 c6 20. e4 Ng4 21. Nxg4 Rxf1+ 22. Rxf1 Bxg4 23. h3 Bc8 24. e5 Nc7 25. Rf6 Ne8 26. Rf4 Nc7 27. Be4 Ne6 28. Rf6 Nf8 29. Kh2 a5 30. a4 Qd7 31. Bf5 Qe7 32. Bc2 Qd7 33. Bf5 Qe7 34. Bb1 Qd7 35. Ba2 Qxh3+ 36. Kg1 Be6 37. Nxe6+ Nxe6 38. Qxb7+ Kh8 39. Qxa8+ Kh7 40. Rf7+ Ng7 41. Rxg7+ Kxg7 42. Qg8# 1-0

[Event "Madrid-ch U14"]
[Site "Madrid"]
[Date "2018.04.21"]
[Round "6"]
[White "Carretero Gijon, Adrian"]
[Black "Garcia Seijas, Adrian"]
[Result "1-0"]
[WhiteElo "1457"]
[BlackElo "1622"]
[PlyCount "75"]
[EventDate "2018.04.14"]
[EventType "swiss"]
[EventRounds "6"]
[EventCountry "ESP"]
[SourceTitle "EXT 2019"]
[Source "ChessBase"]
[SourceDate "2018.10.10"]
[SourceVersion "1"]
[SourceVersionDate "2018.10.10"]
[SourceQuality "1"]

1. d4 Nf6 2. Bf4 e6 3. Nf3 b6 4. e3 Bb7 5. Nbd2 d5 6. Bd3 Bd6 7. Bg3 0-0 8. Ne5 c5 9. c3 Qc7 10. 0-0 Nbd7 11. Ndf3 Rfd8 12. Nxd7 Qxd7 13. Bxd6 Qxd6 14. Ne5 g6 15. f4 a5 16. Qe2 c4 17. Bc2 b5 18. g4 Ne4 19. g5 Kg7 20. Bxe4 dxe4 21. h4 Rh8 22. h5 h6 23. hxg6 fxg6 24. Qg4 h5 25. Qh3 Raf8 26. a4 Rf5 27. axb5 Qb6 28. Nxc4 Qxb5 29. Nd6 Qb6 30. Nxf5+ exf5 31. Qg2 h4 32. Qc2 h3 33. Rf2 Rh4 34. Kh1 Bc6 35. Rh2 Qb5 36. c4 Qb4 37. d5 Bd7 38. Qc3+ 1-0